000 00780nam a2200229 a 4500
999 _c3552
_d3552
001 3552
003 BD-JhCC
005 20171115180600.0
008 171002s1989 bg |||| ||a| 000 0 ben d
035 _a(BD-JhCC)
040 _aBD-JhCC
_dBD-JhCC
041 _aben
082 _a891.4415
_bDEV 1989
100 _aদেবনাথ, সমরেশ
245 _aদুই বাংলার শ্রেষ্ঠ প্রতিবাদী কবিতা /
_cসমরেশ দেবনাথ; নিতাই সেন (সম্পাদিত)
260 _aঢাকা:
_bআগামী প্রকাশনী,
_c১৯৮৯
300 _a111 p.;
_c22 cm
650 _aBengali poetry
700 _aসেন, নিতাই
942 _2ddc
_cBK